The Little Prince Franchise - Statistics

General Stats
  • This quiz has been taken 15 times
  • The average score is 35 of 55
Answer Stats
Type Year Name Info % Correct
Sculpture 1995 Little Prince Ilan Averbuch
100%
Novella 1943 The Little Prince Antoine de Saint-Exupéry
100%
Radio Play 1953 The Little Prince BBC Light Programme
100%
Radio Play 1956 The Little Prince CBS
100%
Opera 1964 The Little Prince Lev Knipper
100%
Film 1966 The Little Prince (USSR)
100%
Radio Play 1974 The Little Prince BBC Radio 4
100%
Film 1974 The Little Prince Paramount
100%
Short Film 1979 The Little Prince Will Vinton Studios / Billy Budd Films
100%
Ballet 1987 The Little Prince Victoria Koenig
100%
Play 1987 The Little Prince David Zucker
100%
Radio Play 1999 The Little Prince BBC Radio 4
100%
Play 2000 The Little Prince Antoine de Saint-Exupéry
100%
Play 2002 The Little Prince Anja Pirling
100%
Opera 2003 The Little Prince Nicholas Wright
100%
Opera 2004 The Little Prince Francesca Zambello
100%
Play 2005 The Little Prince Peter Joucla
100%
Graphic Novel 2008 The Little Prince Éditions Gallimard
100%
Play 2008 The Little Prince Arvind Gaur
100%
Play 2008 The Little Prince The Hampstead Theatre
100%
Play 2008 The Little Prince Jean-Louis Kamoun
100%
Ballet 2010 The Little Prince Florencia Gonzalez
100%
TV Show 2010-Present The Little Prince France 3 / TV5Monde / WDR / TSR / Jeem TV
100%
Play 2011 The Little Prince The Oxford University Dramatic Society
100%
Play 2011 The Little Prince Srdjan Simic
100%
Ballet 2012 The Little Prince Didy Veldman
100%
Play 2012 The Little Prince The Dragonfly Theatre Co.
100%
Comic Series 2012-2015 The Little Prince Graphic Universe
100%
Ballet 2014 The Little Prince Arja Pettersson
100%
Film 2015 The Little Prince Paramount
100%
Ballet 2015 The Little Prince Guillaume Côté
100%
Musical 2015 The Little Prince Deborah Sasson
100%
Musical 2016 The Little Prince Nicholas Lloyd Webber
100%
Play 2017 The Little Prince Carolyn Cook
100%
Play 1971 The Little Prince by Saint-Exupéry, read, interpreted and rewritten by a group of children of eleven years of age Remo Rostagno / Bruna Pilgrims
100%
Film 1990 Le Petit Prince S.G.G. Films
8%
Musical 2002 Le Petit Prince Riccardo Cocciante
8%
Video Game 2015 The Little Prince 2: Kingdom's Rights Cc.net
8%
Musical 1981 The Little Prince and the Aviator Hugh Wheeler
8%
Play 1950 Der Kleine Prinz Rudolf Fischer
0%
TV Film 1966 Der Kleine Prinz DEFA / DFF
0%
Ballet 1985 Der Kleine Prinz Gregor Seyffert Company
0%
Opera 1985 Der Kleine Prinz Michael Horwath
0%
TV Film 1990 Der Kleine Prinz ZDF / ORF
0%
Opera 2003 Der Kleine Prinz Nikolaus Schapfl
0%
Board Game 2003 Der Kleine Prinz KOSMOS
0%
Film 2011 Der Kleine Prinz Drehbühne Berlin
0%
Play 2015 Flight Bossy Flyer
0%
Play 1994 Il Piccolo Principe Fabio Concato
0%
Film 2011 Le Petit Prince 4D nWave Pictures
0%
Ballet 1982 Malenkiy Prints Yevgeniy Glebov
0%
Play 2011 O Principezinho na Quinta da Regaleira Byfurcação
0%
Anime Series 1978-1979 The Adventures of the Little Prince TV Asahi
0%
Board Game 2013 The Little Prince: Make Me a Planet Ludonaute
0%
Play 2016 The Object of Constellations Christine Lesiak
0%
No matching quizzes found
Score Distribution
Percent of People with Each Score
Percentile by Number Answered
Your Score History
You have not taken this quiz